Русский драматический театр Советской Литвы. Творческий путь Государственного русского драматического театра Литовской ССР (1946-1981)

Bibliographische Detailangaben
1. Verfasser: Юкова И. К. Ирина Константиновна
Sprache:Russisch
Veröffentlicht: Вильнюс, Вага, 1988
Schlagworte:
Format: Buch
KOHA link:https://koha.lib.tpu.ru/cgi-bin/koha/opac-detail.pl?biblionumber=374212

MARC

LEADER 00000nam0a2200000 4500
001 374212
005 20231102012631.0
010 |a 541500081X 
020 |a RU  |b 89-2502 
035 |a (RuTPU)RU\TPU\retro\31646 
035 |a RU\TPU\book\271058 
090 |a 374212 
100 |a 20221219d1988 k y0rusy5003 ca 
101 0 |a rus 
102 |a LT 
105 |a a z 001zy 
200 1 |a Русский драматический театр Советской Литвы. Творческий путь Государственного русского драматического театра Литовской ССР (1946-1981)  |f И. К. Юкова 
210 |a Вильнюс  |c Вага  |d 1988 
215 |a 136 с.  |c ил. 
320 |a Указ. имен: с. 130-135. 
606 1 |a Театр  |2 stltpush  |3 (RuTPU)RU\TPU\subj\58738  |9 76490 
610 1 |a драматические театры 
610 1 |a история 
610 1 |a Вильнюс 
610 1 |a монографии 
610 1 |a русский театр 
675 |a 792  |v 3 
700 1 |a Юкова  |b И. К.  |g Ирина Константиновна  |4 070 
801 0 |a RU  |b RuMRKP  |c 19950417  |g psbo 
801 1 |a RU  |b 63413507  |c 20140131 
801 2 |a RU  |b 63413507  |c 20221219  |g RCR 
942 |c BK